000 00338nam a2200145Ia 4500
008 230718s9999 xx 000 0 und d
041 _aEng.
082 _a3454
_bBAG-P
100 _aBagari, Miske
245 0 _aPunishment ad Sentencing
260 _aPakistan
_bCavendish Publish
_c2001
300 _a363
650 _aLaw
999 _c26873
_d26873